| 000 | 00602nam a2200145Ia 4500 | ||
|---|---|---|---|
| 008 | 170221s9999 xx 000 0 und d | ||
| 100 | _aSergey S. Shestopal | ||
| 245 | _aFeatures of Building Control Systems Sub-Locality in Modern Russia | ||
| 245 | _cSergey S. Shestopal, Valentin Y. Lyubashits, Victor V. Astakhov, Elena E. Pismennaya, Sergey V. Ryazantsev, Alexander M. Fedulov, Pavel V. Barsukov | ||
| 260 | _bInternational Review of Management and Marketing | ||
| 260 | _c2012 | ||
| 300 | _a7 : 1 | ||
| 650 | _xMarketing. | ||
| 856 | _uhttp://www.econjournals.com/index.php/irmm/issue/view/70 | ||
| 999 |
_c313950 _d313950 |
||